[Event "GER Cup final"]
[Site "Magdeburg"]
[Date "2020.08.21"]
[Round "3"]
[White "Bauer, Leon"]
[Black "Gebigke, Martin"]
[Result "0-1"]
[WhiteElo "1989"]
[BlackElo "2077"]
[PlyCount "98"]
[EventDate "2020.08.20"]
[EventType "swiss"]
[EventRounds "5"]
[EventCountry "GER"]
[SourceTitle "EXT 2022"]
[Source "ChessBase"]
[SourceDate "2021.10.06"]
[SourceVersion "1"]
[SourceVersionDate "2021.10.06"]
[SourceQuality "1"]

1. c4 c5 2. Nf3 Nc6 3. d4 cxd4 4. Nxd4 Nf6 5. Nc3 e6 6. e4 Bb4 7. Nxc6 bxc6 8. Bd3 e5 9. 0-0 0-0 10. Qc2 d6 11. Bg5 h6 12. Bh4 Bc5 13. Rab1 a5 14. Kh1 g5 15. Bg3 Nh5 16. Qe2 g4 17. Qe1 Qg5 18. Na4 Bd4 19. c5 Be6 20. cxd6 Rfd8 21. f4 exf4 22. Bh4 Qe5 23. Bxd8 Rxd8 24. Qh4 Rxd6 25. Be2 Qg5 26. Qxg5+ hxg5 27. Rbd1 Bd7 28. Rxd4 Rxd4 29. Nc5 Bc8 30. Rd1 Rxd1+ 31. Bxd1 Nf6 32. Ba4 Kf8 33. Bxc6 Ke7 34. e5 Nd7 35. Bxd7 Bxd7 36. Ne4 Bc6 37. Nxg5 Bd5 38. a3 f6 39. exf6+ Kxf6 40. h4 a4 41. Kg1 Kg6 42. Kf2 g3+ 43. Kf1 Kh5 44. Nh3 Kg4 45. h5 Bxg2+ 46. Kxg2 f3+ 47. Kf1 Kxh3 48. h6 Kh2 49. h7 g2+ 0-1

[Event "GER Cup final"]
[Site "Magdeburg"]
[Date "2020.08.21"]
[Round "4"]
[White "Celmer, Ole"]
[Black "Bauer, Leon"]
[Result "1-0"]
[WhiteElo "1927"]
[BlackElo "1989"]
[PlyCount "75"]
[EventDate "2020.08.20"]
[EventType "swiss"]
[EventRounds "5"]
[EventCountry "GER"]
[SourceTitle "EXT 2022"]
[Source "ChessBase"]
[SourceDate "2021.10.06"]
[SourceVersion "1"]
[SourceVersionDate "2021.10.06"]
[SourceQuality "1"]

1. e4 c5 2. c3 e5 3. Nf3 Nc6 4. Bc4 h6 5. 0-0 Nf6 6. Re1 d6 7. d4 Bg4 8. h3 Bh5 9. Qa4 Bxf3 10. d5 Bxe4 11. Rxe4 Qa5 12. Qxa5 Nxa5 13. Bb5+ Kd8 14. Ra4 b6 15. b4 a6 16. Be2 Nb7 17. Rxa6 Rxa6 18. Bxa6 Kc7 19. c4 Be7 20. Nc3 Ra8 21. Nb5+ Kb8 22. Bxb7 Kxb7 23. f4 Nd7 24. Bd2 e4 25. Bc3 g6 26. a3 f5 27. Kf2 Rg8 28. g4 h5 29. Rg1 hxg4 30. hxg4 Rf8 31. gxf5 Rxf5 32. Ke3 g5 33. Rxg5 Rxg5 34. fxg5 Bxg5+ 35. Kxe4 Be7 36. Kf5 cxb4 37. axb4 Nf8 38. Bg7 1-0

[Event "Oberfranken-ch"]
[Site "Schney"]
[Date "2019.01.05"]
[Round "5"]
[White "Michalek, Michal"]
[Black "Bauer, Leon"]
[Result "1-0"]
[WhiteElo "2129"]
[BlackElo "1989"]
[PlyCount "105"]
[EventDate "2019.01.03"]
[EventType "swiss"]
[EventRounds "7"]
[EventCountry "GER"]
[SourceTitle "CBM 188 Extra"]
[Source "ChessBase"]
[SourceDate "2019.02.26"]
[SourceVersion "1"]
[SourceVersionDate "2019.02.26"]
[SourceQuality "1"]

1. d4 d5 2. c4 e6 3. Nf3 c6 4. Qc2 Nf6 5. g3 Nbd7 6. Bg2 Bb4+ 7. Bd2 Bxd2+ 8. Nbxd2 0-0 9. 0-0 Re8 10. e4 dxe4 11. Nxe4 Nxe4 12. Qxe4 Nf6 13. Qc2 Qc7 14. Rfe1 b6 15. Ne5 Bb7 16. c5 b5 17. Rad1 Nd5 18. a3 a5 19. h4 Rad8 20. h5 f6 21. Ng4 e5 22. dxe5 Bc8 23. Ne3 Nxe3 24. Rxe3 Rxd1+ 25. Qxd1 Rxe5 26. Rxe5 fxe5 27. Qf3 Bd7 28. h6 Be8 29. Qg4 Qd7 30. Qg5 Qc7 31. hxg7 Qxg7 32. Qf5 Bd7 33. Qh5 Qe7 34. Be4 Qg7 35. Qh4 Be8 36. Qd8 Qd7 37. Qf6 Qc7 38. Kg2 a4 39. Kg1 Qd7 40. Qxe5 Qd1+ 41. Kg2 Qd7 42. Bf5 Qd8 43. Be6+ Bf7 44. Qf5 Bxe6 45. Qxe6+ Kg7 46. Qxc6 Qd4 47. Qc7+ Kg8 48. Qd6 Qe4+ 49. Kh2 Qe2 50. Qd4 Qh5+ 51. Kg2 Qe8 52. Qd5+ Kg7 53. c6 1-0

[Event "Oberfranken-ch"]
[Site "Schney"]
[Date "2019.01.04"]
[Round "4"]
[White "Bauer, Leon"]
[Black "Heimerl, Detlef"]
[Result "1/2-1/2"]
[WhiteElo "1989"]
[BlackElo "1923"]
[PlyCount "88"]
[EventDate "2019.01.03"]
[EventType "swiss"]
[EventRounds "7"]
[EventCountry "GER"]
[SourceTitle "CBM 188 Extra"]
[Source "ChessBase"]
[SourceDate "2019.02.26"]
[SourceVersion "1"]
[SourceVersionDate "2019.02.26"]
[SourceQuality "1"]

1. c4 b6 2. Nc3 Bb7 3. d4 e6 4. e4 Bb4 5. Bd3 f5 6. Qc2 Nf6 7. f3 Bxc3+ 8. bxc3 fxe4 9. fxe4 Nxe4 10. Nf3 Nf6 11. 0-0 Qe7 12. Bg5 Nc6 13. d5 Na5 14. Rae1 0-0-0 15. dxe6 dxe6 16. Rxe6 Qf8 17. Nd4 Kb8 18. Bxf6 gxf6 19. Rexf6 Qe7 20. Qf2 Rhg8 21. g3 h5 22. Re1 Qd7 23. Rf7 Qd6 24. Re6 Qa3 25. Nb5 Qc1+ 26. Re1 Qg5 27. Rf5 Qh6 28. Rf6 Qg5 29. Rf5 Qh6 30. Nd4 h4 31. Be4 hxg3 32. hxg3 Qh4 33. Bxb7 Nxb7 34. Nc6+ Ka8 35. Kg2 Qxc4 36. Nxd8 Nxd8 37. Rf4 Qxc3 38. Qf3+ Qc6 39. Qxc6+ Nxc6 40. Rc1 Kb7 41. Rfc4 Rg6 42. Kf2 b5 43. R4c3 a6 44. g4 Ne5 1/2-1/2

[Event "Oberfranken-ch"]
[Site "Schney"]
[Date "2019.01.03"]
[Round "1"]
[White "Voelker, Daniel"]
[Black "Bauer, Leon"]
[Result "0-1"]
[WhiteElo "1737"]
[BlackElo "1989"]
[PlyCount "60"]
[EventDate "2019.01.03"]
[EventType "swiss"]
[EventRounds "7"]
[EventCountry "GER"]
[SourceTitle "CBM 188 Extra"]
[Source "ChessBase"]
[SourceDate "2019.02.26"]
[SourceVersion "1"]
[SourceVersionDate "2019.02.26"]
[SourceQuality "1"]

1. d4 d5 2. c4 e6 3. Nc3 c6 4. e4 Nf6 5. Nf3 Nbd7 6. exd5 exd5 7. Bd3 Bd6 8. 0-0 0-0 9. a3 Re8 10. Qc2 Qe7 11. b4 Ne4 12. Bb2 f5 13. b5 Ndf6 14. Ne2 Bd7 15. bxc6 bxc6 16. h3 g5 17. Ne5 g4 18. f3 gxf3 19. gxf3 Ng5 20. Kh2 Nf7 21. Rg1+ Kh8 22. f4 Ne4 23. Rg2 Nh6 24. Ng1 Qh4 25. Ngf3 Qh5 26. Qe2 Ng4+ 27. Kg1 Qxh3 28. Nxd7 Bxf4 29. Rxg4 fxg4 30. Nfe5 Be3+ 0-1

[Event "Bamberg op 1st"]
[Site "Bamberg"]
[Date "2018.05.09"]
[Round "1"]
[White "Bauer, Leon"]
[Black "Schulz, Lukas"]
[Result "0-1"]
[WhiteElo "1995"]
[BlackElo "2276"]
[PlyCount "60"]
[EventDate "2018.05.09"]
[EventType "swiss"]
[EventRounds "7"]
[EventCountry "GER"]
[SourceTitle "CBM 184 Extra"]
[Source "ChessBase"]
[SourceDate "2018.06.28"]
[SourceVersion "1"]
[SourceVersionDate "2018.06.28"]
[SourceQuality "1"]

1. c4 e5 2. Nc3 Nc6 3. g3 h5 4. Bg2 h4 5. d3 Bc5 6. Ne4 Bb6 7. c5 Ba5+ 8. Bd2 d5 9. cxd6 cxd6 10. Bxa5 Qxa5+ 11. Qd2 Qxd2+ 12. Kxd2 Ke7 13. Nc3 Nf6 14. Nd5+ Nxd5 15. Bxd5 Nb4 16. Bg2 Be6 17. a3 Nc6 18. e3 Na5 19. Rb1 Rac8 20. Ne2 Nb3+ 21. Kd1 b5 22. Nc3 Rc5 23. Ne4 Rd5 24. Ke2 Rc8 25. Nc3 Rdc5 26. Rhd1 a5 27. d4 exd4 28. exd4 Rc4 29. Bd5 Rxc3 30. Bxe6 Rc2+ 0-1

[Event "Bayern-ch"]
[Site "Rosenheim"]
[Date "2017.08.26"]
[Round "9"]
[White "Bauer, Leon"]
[Black "Baeuml, Ulrich"]
[Result "1/2-1/2"]
[WhiteElo "1913"]
[BlackElo "2098"]
[PlyCount "20"]
[EventDate "2017.08.20"]
[EventType "swiss"]
[EventRounds "9"]
[EventCountry "GER"]
[SourceTitle "EXT 2019"]
[Source "ChessBase"]
[SourceDate "2018.10.10"]
[SourceVersion "1"]
[SourceVersionDate "2018.10.10"]
[SourceQuality "1"]

1. c4 c5 2. Nf3 Nc6 3. d4 cxd4 4. Nxd4 Nf6 5. Nc3 g6 6. e4 d6 7. Be2 Bg7 8. Be3 0-0 9. 0-0 Bd7 10. f4 Nxd4 1/2-1/2

[Event "Bayern-ch"]
[Site "Rosenheim"]
[Date "2017.08.23"]
[Round "6"]
[White "Kleibel, Uwe"]
[Black "Bauer, Leon"]
[Result "1/2-1/2"]
[WhiteElo "2187"]
[BlackElo "1913"]
[PlyCount "39"]
[EventDate "2017.08.20"]
[EventType "swiss"]
[EventRounds "9"]
[EventCountry "GER"]
[SourceTitle "EXT 2019"]
[Source "ChessBase"]
[SourceDate "2018.10.10"]
[SourceVersion "1"]
[SourceVersionDate "2018.10.10"]
[SourceQuality "1"]

1. d4 d5 2. Nf3 Nf6 3. e3 e6 4. c4 c6 5. b3 Bb4+ 6. Bd2 Bxd2+ 7. Nbxd2 0-0 8. Bd3 Nbd7 9. 0-0 b6 10. cxd5 exd5 11. Rc1 Bb7 12. Qe2 Re8 13. Ba6 Qc8 14. Bxb7 Qxb7 15. Rc2 Rac8 16. Rfc1 Ne4 17. Nxe4 dxe4 18. Nd2 c5 19. dxc5 Nxc5 20. h3 1/2-1/2

[Event "Oberfranken-ch"]
[Site "Schney"]
[Date "2017.01.06"]
[Round "7"]
[White "Knauer, Olaf"]
[Black "Bauer, Leon"]
[Result "0-1"]
[WhiteElo "1748"]
[BlackElo "1810"]
[PlyCount "28"]
[EventDate "2017.01.03"]
[EventType "swiss"]
[EventRounds "7"]
[EventCountry "GER"]
[SourceTitle "CBM 176 Extra"]
[Source "ChessBase"]
[SourceDate "2017.03.02"]
[SourceVersion "1"]
[SourceVersionDate "2017.03.02"]
[SourceQuality "1"]

1. d4 d5 2. Nf3 e6 3. c4 c6 4. e3 Nf6 5. Nc3 Nbd7 6. Bd3 dxc4 7. Bxc4 b5 8. Bd3 a6 9. e4 c5 10. e5 cxd4 11. Nxb5 Nxe5 12. Nxe5 axb5 13. Bxb5+ Bd7 14. Qb3 Qa5+ 0-1

[Event "Oberfranken-ch"]
[Site "Schney"]
[Date "2016.01.07"]
[Round "7"]
[White "Rahn, Manfred"]
[Black "Bauer, Leon"]
[Result "1/2-1/2"]
[WhiteElo "1719"]
[BlackElo "1844"]
[PlyCount "49"]
[EventDate "2016.01.03"]
[EventType "swiss"]
[EventRounds "7"]
[EventCountry "GER"]
[SourceTitle "CBM 170 Extra"]
[Source "ChessBase"]
[SourceDate "2016.02.25"]
[SourceVersion "1"]
[SourceVersionDate "2016.02.25"]
[SourceQuality "1"]

1. d4 d5 2. Bf4 e6 3. e3 Nf6 4. c3 c5 5. Nf3 Nc6 6. Bd3 Bd6 7. Bxd6 Qxd6 8. dxc5 Qxc5 9. Nbd2 0-0 10. 0-0 e5 11. e4 Bg4 12. exd5 Qxd5 13. Ne4 Nxe4 14. c4 Qe6 15. Bxe4 Qxc4 16. Bxc6 Qxc6 17. Nxe5 Bxd1 18. Nxc6 bxc6 19. Rfxd1 Rab8 20. b3 Rfd8 21. Kf1 Kf8 22. Rac1 Rxd1+ 23. Rxd1 Ke7 24. Ke2 Rb5 25. Rd3 1/2-1/2

[Event "Oberfranken-ch"]
[Site "Schney"]
[Date "2016.01.05"]
[Round "6"]
[White "Bauer, Leon"]
[Black "Daum, Matthias"]
[Result "0-1"]
[WhiteElo "1844"]
[BlackElo "1905"]
[PlyCount "128"]
[EventDate "2016.01.03"]
[EventType "swiss"]
[EventRounds "7"]
[EventCountry "GER"]
[SourceTitle "CBM 170 Extra"]
[Source "ChessBase"]
[SourceDate "2016.02.25"]
[SourceVersion "1"]
[SourceVersionDate "2016.02.25"]
[SourceQuality "1"]

1. Nf3 Nf6 2. g3 d5 3. c4 c6 4. b3 Bf5 5. Bg2 Nbd7 6. 0-0 e5 7. d3 Bd6 8. Bb2 0-0 9. Nc3 d4 10. Nb1 Qc7 11. Nbd2 c5 12. Qc2 Rae8 13. Nh4 Bg4 14. Rfe1 h6 15. h3 Be6 16. e4 g6 17. a3 a5 18. Rab1 Nh7 19. Bc1 Kg7 20. Nf1 Be7 21. Nf3 f5 22. Bd2 fxe4 23. Rxe4 Bxh3 24. Nxd4 cxd4 25. Bxh3 Bxa3 26. Bxa5 Qxa5 27. Bxd7 Re7 28. Bb5 Bb4 29. Nh2 Qb6 30. Qe2 Qe6 31. Ng4 Ng5 32. Rxe5 Nf3+ 33. Qxf3 Rxf3 34. Rxe6 Rxe6 35. Rd1 Re2 36. Kg2 Rf8 37. Rf1 h5 38. Nh2 Be1 39. Nf3 Bc3 40. Rh1 Rb2 41. Ba4 Rf7 42. Rh4 Re7 43. Nxd4 Rd2 44. Nb5 Bf6 45. Re4 Rxd3 46. Rxe7+ Bxe7 47. Nc7 g5 48. Nd5 Bd6 49. Ne3 Bc5 50. Kf3 Rd2 51. Be8 g4+ 52. Ke4 Rxf2 53. b4 Bxe3 54. Kxe3 Rf3+ 55. Ke2 Rxg3 56. Bxh5 Kh6 57. Bf7 Kg5 58. Bd5 Rb3 59. Bxb7 Rxb4 60. Bd5 Kf4 61. Kf2 Rb2+ 62. Kg1 Kg3 63. Kf1 Kh2 64. c5 g3 0-1

[Event "Oberfranken-ch U18 1213"]
[Site "Schney"]
[Date "2013.01.03"]
[Round "7"]
[White "Bauer, Leon"]
[Black "Greger, Matthias"]
[Result "1/2-1/2"]
[WhiteElo "1695"]
[BlackElo "1888"]
[PlyCount "32"]
[EventDate "2013.01.03"]
[EventType "tourn"]
[EventRounds "7"]
[EventCountry "GER"]
[SourceTitle "EXT 2015"]
[Source "ChessBase"]
[SourceDate "2014.11.20"]
[SourceVersion "1"]
[SourceVersionDate "2014.11.20"]
[SourceQuality "1"]

1. c4 c5 2. Nf3 Nf6 3. d4 cxd4 4. Nxd4 Nc6 5. Nc3 g6 6. e4 d6 7. Be2 Bg7 8. Be3 0-0 9. 0-0 Bd7 10. f4 Qc8 11. Nxc6 Bxc6 12. Qc2 Ng4 13. Bxg4 Qxg4 14. Nd5 Qd7 15. Rae1 b5 16. c5 Rfc8 1/2-1/2

[Event "Oberfranken-ch U18 1213"]
[Site "Schney"]
[Date "2013.01.03"]
[Round "3"]
[White "Buschbeck, Florian"]
[Black "Bauer, Leon"]
[Result "0-1"]
[WhiteElo "1673"]
[BlackElo "1695"]
[PlyCount "94"]
[EventDate "2013.01.03"]
[EventType "tourn"]
[EventRounds "7"]
[EventCountry "GER"]
[SourceTitle "EXT 2015"]
[Source "ChessBase"]
[SourceDate "2014.11.20"]
[SourceVersion "1"]
[SourceVersionDate "2014.11.20"]
[SourceQuality "1"]

1. d4 d5 2. e3 e6 3. c4 c6 4. Nc3 Nf6 5. Nf3 Be7 6. Bd3 Nbd7 7. Bd2 dxc4 8. Bxc4 b5 9. Be2 a6 10. a3 c5 11. dxc5 Bxc5 12. b4 Be7 13. Nd4 Bb7 14. 0-0 0-0 15. Bf3 Bxf3 16. Qxf3 Ne5 17. Qe2 Qd7 18. Rfd1 Nc4 19. Be1 Qc7 20. Nb1 Nd5 21. Rc1 Bf6 22. Nd2 Ndb6 23. N2b3 Rfd8 24. Rd1 Rd6 25. f3 Na4 26. Rac1 Rad8 27. Bf2 Qd7 28. Qa2 e5 29. Nc5 Nxc5 30. bxc5 Rd5 31. c6 Qc7 32. Bg3 Qb6 33. c7 Qxc7 34. Re1 Qb6 35. Nf5 Rd2 36. Rc2 Qe6 37. e4 Qb6+ 38. Kh1 Qa5 39. Rxd2 Rxd2 40. Qb1 Qxa3 41. Rd1 Rxd1+ 42. Qxd1 h6 43. h3 b4 44. Qd5 Qc1+ 45. Kh2 b3 46. Bxe5 Bxe5+ 47. g3 Qd2+ 0-1

[Event "Oberfranken-ch U16"]
[Site "Lichtenfels"]
[Date "2012.01.04"]
[Round "3.2"]
[White "Bauer, Leon"]
[Black "Koch, Christian1111"]
[Result "1/2-1/2"]
[WhiteElo "1620"]
[BlackElo "1619"]
[PlyCount "53"]
[EventDate "2012.01.03"]
[EventType "swiss"]
[EventRounds "7"]
[EventCountry "GER"]
[SourceTitle "EXT 2019"]
[Source "ChessBase"]
[SourceDate "2018.10.10"]
[SourceVersion "1"]
[SourceVersionDate "2018.10.10"]
[SourceQuality "1"]

1. c4 e6 2. Nf3 Nf6 3. g3 d5 4. d4 c6 5. b3 Nbd7 6. Bg2 Bd6 7. 0-0 Qc7 8. Nc3 b6 9. Bb2 Ba6 10. Nd2 Rc8 11. e4 dxe4 12. Ndxe4 Be7 13. Re1 Bb7 14. Rc1 Qb8 15. d5 cxd5 16. Nxf6+ Nxf6 17. cxd5 Rd8 18. Qe2 Nxd5 19. Nxd5 Bxd5 20. Bxd5 Rxd5 21. Bxg7 Rg8 22. Be5 Bd6 23. Bxd6 Rxd6 24. Qb5+ Ke7 25. Qb4 Rh8 26. Rc6 Kd7 27. Rxd6+ 1/2-1/2

[Event "Oberfranken-ch"]
[Site "Schney"]
[Date "2011.01.04"]
[Round "3"]
[White "Greger, Matthias"]
[Black "Bauer, Leon"]
[Result "1-0"]
[WhiteElo "1663"]
[BlackElo "1586"]
[PlyCount "77"]
[EventDate "2011.01.03"]
[EventType "swiss"]
[EventRounds "7"]
[EventCountry "GER"]
[SourceTitle "EXT 2022"]
[Source "ChessBase"]
[SourceDate "2021.10.06"]
[SourceVersion "1"]
[SourceVersionDate "2021.10.06"]
[SourceQuality "1"]

1. e4 c5 2. Nf3 Nc6 3. b3 d6 4. Bb2 Nf6 5. d3 g6 6. Nc3 Bg7 7. Nd5 e5 8. c4 0-0 9. Be2 Nxd5 10. cxd5 Ne7 11. 0-0 f5 12. Nd2 Bh6 13. a4 b6 14. Nc4 Bb7 15. Qc2 a6 16. Na3 Qd7 17. Bc1 Bxc1 18. Qxc1 b5 19. Qg5 Rf7 20. f4 bxa4 21. bxa4 Qxa4 22. Nc4 Qc2 23. Nxd6 Qxe2 24. Nxf7 Qe3+ 25. Kh1 Kxf7 26. d6 Nc6 27. exf5 Qxd3 28. fxg6+ Qxg6 29. fxe5+ Kg7 30. Qxg6+ hxg6 31. e6 Rf8 32. e7 Re8 33. Rad1 Nxe7 34. Rde1 c4 35. Rxe7+ Rxe7 36. dxe7 Bc6 37. Rf8 Be8 38. Rxe8 Kf7 39. Rc8 1-0

[Event "Oberfranken-ch U14 0910"]
[Site "Schney"]
[Date "2010.01.05"]
[Round "5"]
[White "Funk, Adrian"]
[Black "Bauer, Leon"]
[Result "0-1"]
[WhiteElo "859"]
[BlackElo "1404"]
[PlyCount "100"]
[EventDate "2010.01.03"]
[EventType "swiss"]
[EventRounds "7"]
[EventCountry "GER"]
[SourceTitle "EXT 2015"]
[Source "ChessBase"]
[SourceDate "2014.11.20"]
[SourceVersion "1"]
[SourceVersionDate "2014.11.20"]
[SourceQuality "1"]

1. e4 c5 2. Nf3 Nc6 3. Bc4 d6 4. d3 Nf6 5. Ng5 e6 6. Nc3 g6 7. 0-0 Bg7 8. Re1 0-0 9. Be3 b6 10. Qd2 d5 11. exd5 exd5 12. Bb5 Bb7 13. d4 Ng4 14. dxc5 d4 15. Bxc6 Bxc6 16. h3 Nxe3 17. fxe3 dxc3 18. Qxd8 Raxd8 19. b3 bxc5 20. Red1 Rd2 21. Rxd2 cxd2 22. Rd1 Bc3 23. Kf2 Re8 24. g4 h6 25. Nf3 Bxf3 26. Kxf3 Kg7 27. Ke2 Rd8 28. a4 Rd7 29. e4 Kf6 30. Ke3 Kg5 31. Kf3 f5 32. exf5 gxf5 33. h4+ Kg6 34. Kf4 Rd4+ 35. Ke3 fxg4 36. Ke2 h5 37. Rf1 d1Q+ 38. Rxd1 Rxd1 39. Kxd1 Kf5 40. Ke2 Kf4 41. Kf2 g3+ 42. Kg2 Kg4 43. Kh1 Kxh4 44. Kg2 Kg4 45. a5 Bxa5 46. Kg1 h4 47. Kg2 h3+ 48. Kg1 g2 49. Kh2 Kf3 50. Kg1 h2+ 0-1

[Event "Oberfranken-ch U14 0910"]
[Site "Schney"]
[Date "2010.01.04"]
[Round "4"]
[White "Bauer, Leon"]
[Black "Le, Duc Thuan"]
[Result "1/2-1/2"]
[WhiteElo "1404"]
[BlackElo "1201"]
[PlyCount "90"]
[EventDate "2010.01.03"]
[EventType "swiss"]
[EventRounds "7"]
[EventCountry "GER"]
[SourceTitle "EXT 2015"]
[Source "ChessBase"]
[SourceDate "2014.11.20"]
[SourceVersion "1"]
[SourceVersionDate "2014.11.20"]
[SourceQuality "1"]

1. c4 e6 2. Nc3 d5 3. d4 Nf6 4. e3 Bb4 5. Bd2 0-0 6. Nf3 Nbd7 7. a3 Bxc3 8. Bxc3 Ne4 9. Bd3 Nxc3 10. bxc3 c5 11. cxd5 exd5 12. 0-0 cxd4 13. cxd4 Nf6 14. Qc2 Re8 15. Rfe1 Ne4 16. Nd2 Nxd2 17. Qxd2 Qg5 18. g3 Bd7 19. Rec1 Rac8 20. Ra2 Bf5 21. Rxc8 Rxc8 22. Rb2 b6 23. Rb5 Be6 24. Qe2 Qe7 25. Qb2 g6 26. Bf1 Qd6 27. Bg2 Rb8 28. a4 a6 29. Rb4 Qc6 30. f3 b5 31. Bf1 Bd7 32. Bd3 Qe6 33. e4 Bc6 34. Qe2 f5 35. exf5 Qxe2 36. Bxe2 gxf5 37. Bd3 Bd7 38. f4 Kg7 39. Kg2 Kh6 40. h3 Rb6 41. axb5 axb5 42. Kf3 Kh5 43. Bxf5 Bxf5 44. g4+ Kg6 45. gxf5+ Kxf5 1/2-1/2